| 000 | 00530nam a2200193Ia 4500 | ||
|---|---|---|---|
| 008 | 191119s9999 xx 000 0 und d | ||
| 020 | _a978-621-02-0277-9 | ||
| 050 | _aFIL KPM 1214 | ||
| 050 | _b.V55 2018 | ||
| 100 | _aVillanueva, Elvin B. | ||
| 245 | 4 | _aThe Labor code of the Philippines / | |
| 245 | 0 | _cElvin B. Villanueva. | |
| 260 | _aQuezon City, Philippines : | ||
| 260 | _bCentral Books, | ||
| 260 | _c2018 | ||
| 300 | _a308 pages : | ||
| 300 | _c23 cm. | ||
| 650 | _aLabor laws and legislation -- Philippines. | ||
| 999 |
_c363131 _d363131 |
||